| 000 | 01354nam0a22002771i 4500 | ||
|---|---|---|---|
| 001 | rc\3641051 | ||
| 005 | 20240726085009.0 | ||
| 021 |
_aRU _b[72-24750а] |
||
| 035 | _a(NLR Aleph) 007829578 | ||
| 090 |
_a7770721 _c7770721 |
||
| 100 | _a20130115d1972 |||y0rusy50 ca | ||
| 101 | 0 | _arus | |
| 102 | _aRU | ||
| 105 | _ay d ||||| | ||
| 200 | 1 |
_aДействие левомепромазина и тримепримина на отрицательные эмоции _e(Эксперим. и клинико-физиол. исследование) _eАвтореф. дис. на соиск. учен. степени канд. мед. наук _e(00.18) _fТарт. гос. ун-т |
|
| 210 |
_aТарту _d1972 |
||
| 215 | _a33 с. | ||
| 320 | _aСписок работ авт.: с. 32-22 (13 назв.) | ||
| 606 |
_aЛевомепромазин _xПрименение _xВ невропатологии и психиатрии _2psbo |
||
| 606 |
_aТримепримин _xПрименение _xВ невропатологии и психиатрии _2psbo |
||
| 606 |
_aДепрессивные состояния _xЛечение _xЛекарственное лечение _2psbo |
||
| 700 | 1 |
_aМехилане _bЛ.С. _gЛембит Степанович |
|
| 801 | 0 |
_aRU _bNLR _gpsbo |
|
| 801 | 1 |
_aRU _bELAR _2rusmarc |
|
| 852 |
_aNLR _j73-4/13900 |
||
| 942 | _cBOOK | ||